LEADER 02469cam0-22007331i-450- 001 990002853200403321 005 20111213121220.0 010 $a88-15-04742-5$bvol. 1 010 $a88-15-04743-3$bvol. 2 010 $a88-15-04744-1$bvol. 3 035 $a000285320 035 $aFED01000285320 035 $a(Aleph)000285320FED01 035 $a000285320 100 $a20030910d1994----km-y0itay50------ba 101 0 $aita 102 $aIT 105 $ay-------001yy 200 1 $aAssetti proprietari e mercato delle imprese 210 $aBologna$cil Mulino$d1994 215 $a3 v.$d21 cm 225 1 $aStudi e ricerche$v342$v343$v344 327 1 $a1.: Proprietà, modelli di controllo e riallocazione nelle imprese industriali italiane / di F. Barca ... [et al.]$a2.: Gruppo, proprietà e controllo nelle imprese italiane medio-grandi / di F. Barca ... [et al.]$a3.: Gli intermediari della riallocazione proprietaria in Italia / di L. Capra ... [et al.] 610 0 $aBanche e imprese 610 0 $aImprese$aProprietà e controllo 610 0 $aImprese e finanza$aItalia 610 0 $aMerchant Banking 610 0 $aAziende industriali$aControllo$aItalia 610 0 $aQuote sociali$aTrasferimento$aItalia 676 $a338.7 676 $a346.07 702 1$aBarca,$bFabrizio$f<1954- > 801 0$aIT$bUNINA$gRICA$2UNIMARC 901 $aBK 912 $a990002853200403321 952 $aDPR 23-775$b18761$fDEC 952 $aL01.26.1$b5853$fDECTS 952 $aL01.26.2$b5854$fDECTS 952 $aL01.26.3$b5907$fDECTS 952 $aXV R 743$b1001$fDTE 952 $a1-0-310-TI$b4764 DEA$fECA 952 $aSE 109.04.29-1$b4534$fDECSE 952 $aSE 109.04.29-2$b4535$fDECSE 952 $aSE 109.04.29-3$b4549$fDECSE 952 $aG/3.30 BAR/94.1$b15709$fSES 952 $aG/3.30 BAR/94.2$b15710$fSES 952 $aG/3.30 BAR/94.3$b15711$fSES 952 $aCOLLEZ. 103 (342)$b24922$fFSPBC 952 $aCOLLEZ. 103 (343)$b24923$fFSPBC 952 $aCOLLEZ. 103 (344)$b24924$fFSPBC 952 $a13-BA-406/4$b8488-89-90$fDDCP 952 $a13-BA-406/3$b8488-89-90$fDDCP 952 $a13-BA-406/2$b8488-89-90$fDDCP 952 $a13-BA-406/1$b8488-89-90$fDDCP 959 $aDEC 959 $aDECTS 959 $aECA 959 $aDTE 959 $aDECSE 959 $aSES 959 $aFSPBC 959 $aDDCP 996 $aAssetti proprietari e mercato delle imprese$9418405 997 $aUNINA LEADER 01257nam--2200397---450- 001 990001203640203316 005 20090529123518.0 010 $a84-313-1949-6 035 $a000120364 035 $aUSA01000120364 035 $a(ALEPH)000120364USA01 035 $a000120364 100 $a20031020d2002----km-y0enga50------ba 101 $aspa 102 $aES 105 $ay|||z|||001yy 200 1 $aQue es el derecho?$ela moderna respuesta del realismo jurídico$euna introducción al derecho$fJavier Hervada 210 $aPamplona$cEunsa$d2002 215 $a205 p.$d18 cm 225 2 $aAstrolabio$iDerecho$v306 410 0$aAstrolabio$v306 606 0 $aDiritto$xTeorie 676 $a340.12 700 1$aHERVADA,$bJavier$0231903 801 0$aIT$bsalbc$gISBD 912 $a990001203640203316 951 $aXXII.1.C 523 (IG XIX 452)$b37790 E.C.$cXXII.1.C 523 (IG XIX)$d00089167 959 $aBK 979 $aALINA$b10$c20031020$lUSA01$h1022 979 $aPATRY$b90$c20040406$lUSA01$h1726 979 $aCHIARA$b90$c20041028$lUSA01$h1037 979 $aCHIARA$b90$c20041028$lUSA01$h1038 979 $aCHIARA$b90$c20041028$lUSA01$h1040 979 $aRSIAV2$b90$c20090529$lUSA01$h1235 996 $aQue es el derecho$9986171 997 $aUNISA